Washington Commanders Starting Offense 24/25 - Statistics

General Stats
  • This quiz has been taken 73 times
  • The average score is 4 of 11
Answer Stats
Pos. Player % Correct
QB Jayden Daniels
99%
TE Zach Ertz
57%
WR Terry McLaurin
48%
WR Noah Brown
36%
RB Brian Robinson Jr.
34%
RG Sam Cosmi
28%
C Tyler Biadasz
21%
LT Brandon Coleman
19%
RT Andrew Wylie
18%
LG Nick Allegretti
18%
WR Olamide Zaccheaus
16%
No matching quizzes found
Score Distribution
Percent of People with Each Score
Percentile by Number Answered
Your Score History
You have not taken this quiz